000
00157 a2200085 4500
020
_a
9788428808330
041
_a
spa
245
_a
50 cartas a dios
942
_c
BK
999
_c
10830
_d
10830